| 000 | 00406nam a2200169 a 4500 | ||
|---|---|---|---|
| 082 | 0 | 0 |
_a189 _bFRE |
| 100 | _aFremantle, Anne | ||
| 245 | _aAge of Belief | ||
| 260 |
_aNew York _bMentor Book _c1960 |
||
| 300 | _a218p | ||
| 500 | _aincludes index and biblioraphy | ||
| 505 | 2 | _aIndex of Names | |
| 650 | _aSaints-Christian | ||
| 650 | _aPhilosophical-Theology | ||
| 700 | 1 | _aFremantle, Anne | |
| 942 | _cBK | ||
| 999 |
_c8335 _d8335 |
||